书目信息 |
| 题名: |
京张高铁智能设计与技术
|
|
| 作者: | 魏宏伟 , 李红侠 著 | |
| 分册: | ||
| 出版信息: | 北京 人民交通出版社股份有限公司 2021.08 |
|
| 页数: | 249页, [3] 页图版 | |
| 开本: | 27cm | |
| 丛书名: | 京张高铁设计与技术创新丛书 | |
| 单 册: | ||
| 中图分类: | U238 | |
| 科图分类: | ||
| 主题词: | 高速铁路--gao su tie lu--智能设计--华北地区 | |
| 电子资源: | ||
| ISBN: | 978-7-114-17270-0 | |
| 000 | 01326oam2 2200301 450 | |
| 001 | 011025153555 | |
| 005 | 20221025153555.0 | |
| 010 | @a978-7-114-17270-0@b精装@dCNY158.00 | |
| 099 | @aCAL 012021129878 | |
| 100 | @a20201004d2021 em y0chiy0120 ea | |
| 101 | 0 | @achi |
| 102 | @aCN@b110000 | |
| 105 | @aabfka 000yy | |
| 106 | @ar | |
| 200 | 1 | @a京张高铁智能设计与技术@Ajing zhang gao tie zhi neng she ji yu ji shu@d= Intelligent design and technology of Beijing-Zhangjiakou high-speed railway@f魏宏伟, 李红侠等著@zeng |
| 210 | @a北京@c人民交通出版社股份有限公司@d2021.08 | |
| 215 | @a249页, [3] 页图版@c图 (部分彩图), 地图@d27cm | |
| 225 | 2 | @a京张高铁设计与技术创新丛书@Ajing zhang gao tie she ji yu ji shu chuang xin cong shu |
| 304 | @a中铁工程设计咨询集团有限公司组织编写 | |
| 320 | @a有书目 | |
| 330 | @a本书介绍了京张高铁的智能设计理念,阐述了京张高铁在土建、通信、信息、信号、电力、牵引供电系统等方面的创新性设计方法及应用成果,并对智能高铁设计进行了展望。 | |
| 410 | 0 | @12001 @a京张高铁设计与技术创新丛书 |
| 510 | 1 | @aIntelligent design and technology of Beijing-Zhangjiakou high-speed railway@zeng |
| 606 | 0 | @a高速铁路@Agao su tie lu@x智能设计@y华北地区 |
| 690 | @aU238@v5 | |
| 701 | 0 | @a魏宏伟@Awei hong wei@4著 |
| 701 | 0 | @a李红侠@Ali hong xia@4著 |
| 905 | @a河南城建学院图书馆@dU238@eW588 | |
| 京张高铁智能设计与技术= Intelligent design and technology of Beijing-Zhangjiakou high-speed railway/魏宏伟, 李红侠等著.-北京:人民交通出版社股份有限公司,2021.08 |
| 249页, [3] 页图版:图 (部分彩图), 地图;27cm.-(京张高铁设计与技术创新丛书) |
| ISBN 978-7-114-17270-0(精装):CNY158.00 |
| 本书介绍了京张高铁的智能设计理念,阐述了京张高铁在土建、通信、信息、信号、电力、牵引供电系统等方面的创新性设计方法及应用成果,并对智能高铁设计进行了展望。 |
| ● |
| 相关链接 |
|
|
|
正题名:京张高铁智能设计与技术
索取号:U238/W588
 
预约/预借
| 序号 | 登录号 | 条形码 | 馆藏地/架位号 | 状态 | 备注 |
| 1 | 1588515 | 215885157 | 自科库501/501自科库 79排1列4层/ [索取号:U238/W588] | 在馆 |